Missing Word: Sandra Bullock Quiz Stats

Quiz Updated Mar 3, 2016

Challenge
Share
Tweet
Embed
Score 0/22 Timer 02:00
1 Play Today
Movie Title Missing Word % Correct
____ Potion No. 9Love
84.1%
Miss ____Congeniality
82.9%
The Blind ____Side
82.9%
28 ____Days
82.8%
While You Were ____Sleeping
76.2%
The Lake ____House
72.2%
Two Weeks ____Notice
69.7%
____ FloatsHope
69.3%
A ____ to KillTime
67.1%
The ____ of EgyptPrince
60.4%
Demolition ____Man
60%
Movie Title Missing Word % Correct
Two If by ____Sea
59.8%
Practical ____Magic
59.6%
The ____ Called LoveThing
58.2%
Divine ____ of the Ya-Ya SisterhoodSecrets
54.7%
Speed 2: ____ ControlCruise
52.5%
____ by NumbersMurder
52.2%
In Love and ____War
46.6%
All About ____Steve
37.8%
____ of NatureForces
29.6%
Gun ____Shy
11%
____ on the AmazonFire
4.1%

Today's Daily Dose

Missing Word
Fruity Song Titles

Quick Pick
Double Blanks

On This Day
June 22nd II

You're not logged in!

Compare scores with friends on all Sporcle quizzes.
Join for Free
OR
Log In

You Might Also Like...

Show Comments

Extras

Top Quizzes Today


Score Distribution

Your Account Isn't Verified!

In order to create a playlist on Sporcle, you need to verify the email address you used during registration. Go to your Sporcle Settings to finish the process.

Report this User

Report this user for behavior that violates our Community Guidelines.

Details: